| 000 | 01297nam a2200337 i 4500 | ||
|---|---|---|---|
| 001 | 000037818 | ||
| 003 | DO-SdBNP | ||
| 005 | 20260516192341.0 | ||
| 007 | ta | ||
| 008 | 130306s2012 dr 000 0 spa d | ||
| 020 | _a9789993450139 | ||
| 040 |
_aDO-SdBNP _bspa _cBNPHU _erda |
||
| 041 | _aspa | ||
| 082 | 4 |
_a372.8327293 _bF143e _222 |
|
| 110 |
_aFacultad Latinoamericana de Ciencias Sociales (FLACSO) _989626 |
||
| 245 | 0 | 3 |
_aLa educación cívica y ciudadana en República Dominicana / _ccompilador, Magda Pepén Peguero. |
| 250 | _aPrimera edición | ||
| 264 | 4 |
_aSanto Domingo : _bEditora Facultad Latinioamericana de Ciencias Sociales, _c©2012. |
|
| 300 |
_a134 páginas ; _c26 cm. |
||
| 336 |
_atexto _btxt _2rdacontent |
||
| 337 |
_asin mediación _bn _2rdamedia |
||
| 338 |
_avolumen _bnc _2rdacarrier |
||
| 500 | _aIncluye referencias bibliográficas y notas al pie de las páginas | ||
| 590 | _aInventariado, 2024/BT | ||
| 650 | 7 |
_2Lemb _aCiudadanía _zRepública Dominicana _964470 |
|
| 650 | 7 |
_2Lemb _aEducación cívica _zRepública Dominicana _977502 |
|
| 650 | 7 |
_2Lemb _aCiudadanía _96372 |
|
| 700 | 1 |
_aPepén Peguero, Magda _ecompilador _4comp. _964268 |
|
| 710 | 2 |
_aFacultad de Latinoamericana de Ciencias Sociales (República Dominicana) _964269 |
|
| 942 |
_2ddc _cLBS1 _e23 |
||
| 999 |
_c37308 _d37308 |
||